000 00854nam a22002897a 4500
003 CHAP
005 20220329135839.0
008 971013s1976 r 00010 d
010 _a43226
011 _a44198
035 _a48336
040 _cCHAP
082 _a664.22
_bR35
100 0 0 _aRadley, Jack August.
_993709
245 _aIndustrial uses of strach and its derivatives
260 _aLondon :
_bApplied Science,
_c1976
300 _a268 p.
590 _aBATCH-UPD
_b10
_c20130110
_lUCH01
_h2220
590 _aBATCH-UPD
_b10
_c20130410
_lUCH01
_h1518
590 _aBATCH-UPD
_b10
_c20130914
_lUCH01
_h0241
590 _aCONVERSION
_b10
_c20130109
_lUCH01
_h1324
650 1 4 _aAlmidón.
_94543
650 1 4 _aAlmidón
_xIndustria.
_94546
901 _aBK
942 _cLIBRO
949 _a664.22 R35
_bBC
_cLIBRO
_d33724000116265
_eLIBRO
_h51414
_i48336
_si
999 _c43226
_d43226